1174 1193 1569 1195 1746 1071 1555 1396 1971 1986 1856 1326 1998 1505 1796 1617 1617 1029 1549 1765 1305 1431 1010 1592 1863 1547 1441 1026 1686 1775 1372 1450 1202 1175 1704 1046 1777 1869 1305 1767 1038 1886 1187 1919 1444 1354 1085 1806 1282 1038 1922 1996 1562 1484 1325 1035 1565 1844 1834 1625 1456 1094 1783 1828 1882 1051 1951 1500 1911 1381 1235 1600 1338 1552 1205 1450 1156 1202 1445 1004 1897 1129 1102 1361 1615 1249 1158 1649 1293 1669 1378 1160 1663 1473 1393 1435 1533 1137 1194 BCNSPRNW ULIB Ver.6.0+V

เปลี่ยนเป็นภาษาไทย

Change to English
 แสดงรายละเอียดบรรณานุกรม
  กลับหน้าหลัก

Brief Record : Get Marc (ISO 2709) : E-mail record : QR code < ปิดหน้าต่าง
LEADER : 00000nam 2200000uu 4500
001    13399128183
003     ULIB
008    220802s2564||||th 000 0 tha d
020 ^- ^a9786163660848
050 ^- ^aนว^bด179ก
100 1^ ^aดวงตะวัน [นามแฝง]
245 ^- ^aแม่น้ำสายปรารถนา /^cดวงตะวัน
260 ^- ^aนนทบุรี :^bสำนักพิมพ์ดวงตะวัน,^c2564
300 ^- ^a509 หน้า ;^c18 ซม.
650 ^4 ^aนวนิยายไทย
945    ^p380^l0^i009275
999    ^aประนอม เกษจรัล
รายการนี้ยังไม่มีแท็ก
คุณยังไม่ได้ล็อกอิน คุณสามารถมีกิจกรรมร่วมกับเว็บไซต์ได้ แต่ต้องล็อกอินก่อน ::
  ล็อกอิน

รายการสื่อสารสนเทศ

ลำดับที่ ประเภท เลขเรียก/บาร์โค้ด สถานที่ สถานะ
1. นวนิยาย
นวนิยาย
นว ด179ก ฉ.1 
  Barcode: 009275
ห้องสมุดวิทยาเขตนครสวรรค์
►นวนิยาย:l:Fiction
บนชั้น

รายการใกล้เคียง
    ผู้แต่ง [ดวงตะวัน [นามแฝง]]

    หัวเรื่อง [นวนิยายไทย]

BibComment


ยังไม่เคยถูกคอมเมนท์

คอมเมนท์ทรัพยากรรายการนี้
  คอมเมนท์: แม่น้ำสายปรารถนา..


 Copyright 2026. Bcnsprnw @Library